000 01147nam a22002777a 4500
001 BR8500089
003 BR-BrBNA
005 20230928092038.0
007 ta
008 230509b bl.||||| |||| 00| 0 por d
040 _aBR-BrBNA
_bpor
_cBiblioteca Nacional de Agricultura
041 _a(Por)
072 _aA50; E30
_b0440
_b0333
_b/G514
090 _ 0440 BR8500089
110 1 _aFederacao das Cooperativas de Trigo e Soja do Rio Grande do Sul Ltda., Porto Alegre (Brasil)
_94625
111 1 _a3. Reuniao Estadual de Pesquisa e Assistencia Tecnica do Linho
_cPasso Fundo, RS (Brazil)
_d17-18 Apr 1984
245 1 _aContribuicao do Centro de Experimentacao e Pesquisa a 3. Reuniao Estadual de Pesquisa e Assistencia Tecnica do Linho [Linum usitatisimum, Brasil]
246 1 _a[Contribution from the Experiment and Research Center to the 3. State Meeting of flax Research and Technical Assistance [Linum usitatisimum, Brazil]]
260 3 _aPasso Fundo, RS (Brasil):
_c1984.
300 _a90 p.
650 _aPESQUISA AGRICOLA
650 _aASSISTENCIA TECNICA
650 _aLINHO
909 _a202309
_bLucia
_c55
_dLucia Elande
942 _cBK
999 _c36872
_d36872